00661nam a2200229 a 4500001001300000003000900013005001700022008004100039020001000080082001600090100002700106245001400133260004000147300000900187500003500196505003100231650002300262902000800285942000700293952011600300999001500416nice12345678IN_TiNIC20260116011513.0050524s1952 caia grp 000 0 ara  ac10000a181.07bAHW aAl-Ahwani, Ahmed Fawad aEsaghogi. aCairobIssa El Baby El Halabyc1952 a112p aincludes index and biblioraphy2 a4 Volume Bound in One Book aPhilosophy-Islamic bSRS cBK 001040708StackRoom-aHMIbHMId2007-03-16g100.00l0o181.07 AHWp04047r2007-03-16v100.00w2005-05-24yBK c2107d2107